| 000 | 00540nam a2200181 a 4500 | ||
|---|---|---|---|
| 005 | 20140310183459.0 | ||
| 008 | 091208s19uu xx 00 eng d | ||
| 020 | _a9781598634617 | ||
| 050 |
_aTR 899 _b.B685 2008 |
||
| 100 | _aBouton, Gary David | ||
| 245 |
_aAdobe photoshop CS3 extended : _bretouching motion pictures / _cGary David Bouton. |
||
| 260 |
_aAustralia : _bCourse Technology, _c2008. |
||
| 300 |
_a593 p. : _bcol. ill. ; _c23 cm. |
||
| 521 | _aIT | ||
| 650 | _aAdobe Photoshop. | ||
| 942 |
_cBK _2lcc _kFOR |
||
| 999 |
_c23802 _d23802 |
||